| 000 | 00527nam a2200169 a 4500 | ||
|---|---|---|---|
| 001 | 3097 | ||
| 005 | 20140414131845.0 | ||
| 008 | 060201s19uu xx 00 eng d | ||
| 020 | _a971-511-776-7 | ||
| 050 |
_aM 220.9 _bB31 2002 |
||
| 100 | _aBatchelor, Mary | ||
| 245 |
_aThe children's Bible in 365 stories : _bone for everyday of the year / _cMary Batchelor; illustrated by John Haysom. |
||
| 260 |
_aManila, Philippines : _bOMF Literature, _c2002. |
||
| 300 | _a415 p. ; cm. | ||
| 650 | _aBible stories. | ||
| 999 |
_c109899 _d109899 |
||